000 01086nam a2200289 a 4500
001 34560
003 BD-RjUL
005 20211209052158.0
008 140518s1984 nyu b 001 0 eng
020 _a0471889873 :
035 _a(BD-RjUL)34654
040 _aDLC
_cDLC
_dBD-RjUL
_beng
041 _aeng
082 0 0 _a519.535
_223
_bANI 1984
100 1 _aAnderson, T. W.
_q(Theodore Wilbur),
_d1918-
_9105082
245 1 3 _aAn introduction to multivariate statistical analysis /
_cT.W. Anderson
250 _a2nd ed.
260 _aNew York :
_bWiley,
_cc1984.
300 _axvii, 675 p. ;
_c25 cm.
504 _aIncludes Bibliography and index.
650 0 _aMultivariate analysis.
_9105128
856 4 2 _3Contributor biographical information
_uhttp://www.loc.gov/catdir/bios/wiley042/84007334.html
856 4 2 _3Publisher description
_uhttp://www.loc.gov/catdir/description/wiley034/84007334.html
856 4 _3Table of Contents
_uhttp://www.loc.gov/catdir/toc/onix05/84007334.html
942 _2ddc
_cBK
_01
999 _c34560
_d34560